Channabasavapuranavu (Record no. 147603)
[ view plain ]
| 000 -LEADER | |
|---|---|
| fixed length control field | 00589nam a2200205Ia 4500 |
| 003 - CONTROL NUMBER IDENTIFIER | |
| control field | OSt |
| 005 - DATE AND TIME OF LATEST TRANSACTION | |
| control field | 20251220114237.0 |
| 008 - FIXED-LENGTH DATA ELEMENTS--GENERAL INFORMATION | |
| fixed length control field | 210210b1851 xxu||||| |||| 00| 0 eng d |
| 040 ## - CATALOGING SOURCE | |
| Transcribing agency | AL |
| 041 ## - LANGUAGE CODE | |
| Language code of text/sound track or separate title | Kannada |
| 082 ## - DEWEY DECIMAL CLASSIFICATION NUMBER | |
| Classification number | 851/419 |
| 100 ## - MAIN ENTRY--PERSONAL NAME | |
| Personal name | VIRUPAKSHA PANDITA |
| 9 (RLIN) | 68920 |
| Dates associated with a name | ವಿರೂಪಾಕ್ಷ ಪಂಡಿತ |
| 245 ## - TITLE STATEMENT | |
| Title | Channabasavapuranavu |
| Remainder of title | ಚೆನ್ನಬಸವಪುರಾಣವು |
| 260 ## - PUBLICATION, DISTRIBUTION, ETC. | |
| Place of publication, distribution, etc. | Mangalore |
| Name of publisher, distributor, etc. | Not Mentioned |
| Date of publication, distribution, etc. | 1851 |
| 300 ## - PHYSICAL DESCRIPTION | |
| Extent | 539 |
| 650 ## - SUBJECT ADDED ENTRY--TOPICAL TERM | |
| Topical term or geographic name entry element | Channabasavapuranavu |
| 9 (RLIN) | 68921 |
| 690 ## - LOCAL SUBJECT ADDED ENTRY--TOPICAL TERM (OCLC, RLIN) | |
| Topical term or geographic name as entry element | Kannada Poetry |
| 9 (RLIN) | 68922 |
| 906 ## - LOCAL DATA ELEMENT F, LDF (RLIN) | |
| a | 018436 |
| 942 ## - ADDED ENTRY ELEMENTS (KOHA) | |
| Source of classification or shelving scheme | Dewey Decimal Classification |
| Koha item type | Book |
| Withdrawn status | Lost status | Source of classification or shelving scheme | Damaged status | Not for loan | Collection code | Home library | Current library | Date acquired | Cost, normal purchase price | Total Checkouts | Full call number | Barcode | Date last seen | Price effective from | Koha item type |
|---|---|---|---|---|---|---|---|---|---|---|---|---|---|---|---|
| Dewey Decimal Classification | Rare Book | Kannada | St Aloysius Library | St Aloysius Library | 02/17/2021 | 0.00 | 851/419 | 018436 | 02/17/2021 | 02/17/2021 | Book |